Roman numerals - Statistics

General Stats
  • This quiz has been taken 28 times
  • The average score is 10 of 19
Answer Stats
Hint Answer % Correct
5 V
100%
1 I
96%
2 II
96%
10 X
96%
100 C
92%
50 L
92%
20 XX
92%
200 CC
88%
500 D
88%
1K M
88%
2K MM
83%
100K
0%
50K
0%
1M
0%
100M MCMXCIX
0%
5K
0%
10K
0%
10M X̿
0%
20K XX̄
0%
No matching quizzes found
Score Distribution
Percent of People with Each Score
Percentile by Number Answered
Your Score History
You have not taken this quiz